02561cam a2200337 a 450000100040000000500170000400800410002102000180006204000180008005000230009808200140012110000240013524501080015925000480026726000210031530000410033649000430037750000200042050500080044052014260044852100200187452100200189465000250191465000280193970000240196770000310199190600450202294200150206799900130208295201280209580220230824105447.0100323s2011 nyua j 001 0 eng  a9780545384865 aDLCcDLCbeng00aQL666.O6bO73 201100a597.92221 aOsborne, Mary Pope.10aSnakes and other reptiles /cby Mary Pope Osborne and Natalie Pope Boyce ; illustrated by Sal Murdocca. aThis edition first printing , February 2012 aNew York :c2011 a120 pages :billustrations ;c20 cm0 aMagic tree house fact trackervBook 45 aIncludes index. aS  aThe #1 bestselling chapter book series of all time celebrates 25 years with new covers and a new, easy-to-use numbering system! Getting the facts behind the fiction has never looked better. Track the facts with Jack and Annie!! When Jack and Annie got back from their adventure in Magic Tree House Merlin Mission #17: A Crazy Day with Cobras, they had lots of questions. Can snakes really be charmed? What reptile has the deadliest venom? What do Komodo dragons eat? How do you tell alligators and crocodiles apart? Find out the answers to these questions and more as Jack and Annie track the facts. Filled with up-to-date information, photos, illustrations, and fun tidbits from Jack and Annie, the Magic Tree House Fact Trackers are the perfect way for kids to find out more about the topics they discovered in their favorite Magic Tree House adventures. And teachers can use Fact Trackers alongside their Magic Tree House fiction companions to meet common core text pairing needs. Did you know that there's a Magic Tree House book for every kid? Magic Tree House: Adventures with Jack and Annie, perfect for readers who are just beginning chapter books Merlin Missions: More challenging adventures for the experienced reader Super Edition: A longer and more dangerous adventure Fact Trackers: Nonfiction companions to your favorite Magic Tree House adventures Have more fun with Jack and Annie at MagicTreeHouse.com! a800 bLexile  aS bRaz-Plus  0aSnakesvNon-fiction. 0aReptilesvNon-fictions.1 aBoyce, Natalie Pope1 aMurdocca, Saleillustrator a7bcbccorignewd1eecipf20gy-gencatlg 2ddccBKn0 c802d802 00102ddc40708NFICa001b001cTTPd2023-07-10l0oOSB 597.9 QL666.O6pFISBK00126r2023-07-10 10:24:54t1w2023-07-10yBK